000 00453nam a2200181Ia 4500
001 16691
005 20260306170329.0
008 260306t2013||||xx |||||||||||||| ||und||
041 _aESP
082 _a349.101
_bR52
100 _aRibas Alba, José María
_eAUT
245 0 _aIntroducción a la antropología jurídica romana
260 _c2013
300 _a125 páginas :
_c24 cm.
650 _aGEN
654 _aCDE
942 _cLIB
_dJUS
_fJUS
_2ddc
_n
999 _c16691
_d16691